00721nam a2200229Ia 4500003000400000005001700004008004100021020001700062040000700079041000800086082002200094100003200116245004000148260005400188300001800242365001300260440000700273906004600280942001200326999001900338952013400357OSt20230417121528.0210423s2010 xx 000 0 und d a978821852200 cAL aeng a512.24223b ROWL aROWEN (Louis Halle).989377 aGraduate algebra: commutative view. aRhode IslandbAmerican mathematical societyc2010 axviii,438bPB b975cINR v73 aalgebra: ; commutative ; Graduate ; view. 2ddccBK c160564d160564 001040708MATaSACPGbSACPGd2012-04-07eKnowledge Worldg975.00l0o512.24 ROWLpPG007043r2022-08-24 00:00:00w2021-04-26yBK